Score 0/28 Timer 10:00
0 Plays Today
Distance: Country: % Correct
2344 kmBrazil
100%
328 kmSuriname
97.8%
1718.8 kmVenezuela
93.5%
678 kmGuyana
92.5%
3037 kmPanama
91.4%
1192.5 kmTrinidad And Tobago
90.3%
3316 kmPeru
90.3%
3804 kmCuba
90.3%
2965 kmEcuador
90.3%
1205.4 kmBarbados
89.2%
2940.2 kmBolivia
89.2%
1515 kmDominica
89.2%
2644 kmHaiti
89.2%
2414 kmColombia
88.2%
Distance: Country: % Correct
1302 kmGrenada
87.1%
1776 kmSt Kitts and Nevis
87.1%
2430 kmDominican Republic
87.1%
2118.9 kmCosta Rica
86%
3390 kmParaguay
84.9%
1701 kmAntigua and Barbuda
84.9%
1382 kmSt Lucia
84.9%
1335 kmSt Vincent and the Grenadines
84.9%
3028 kmJamaica
84.9%
3615 kmNicaragua
84.9%
3958 kmHonduras
82.8%
3971 kmSenegal
43%
3342 kmCabo Verde
41.9%
4034 kmGambia
39.8%
Remove Ads.
Support Sporcle.
Get the best of Sporcle when you Go Orange. This ad-free experience offers more features, more stats, and more fun while also helping to support Sporcle. Thank you for becoming a member.

You're not logged in!

Compare scores with friends on all Sporcle quizzes.
OR
Log In

Show Comments

Extras

Top Quizzes Today


Score Distribution

Your Account Isn't Verified!

In order to create a playlist on Sporcle, you need to verify the email address you used during registration. Go to your Sporcle Settings to finish the process.

Report this User

Report this user for behavior that violates our Community Guidelines.

Details: